000 00845nam a22003017a 4500
001 BR2014003935
003 BR-BrBNA
005 20230928104449.0
007 ta
008 230509b bl.||||| |||| 00| 0 por d
040 _aBR-BrBNA
_bpor
_cBiblioteca Nacional de Agricultura
041 _a(Por)
072 _aE14
090 _ E14 BR2014003935
110 1 _aEmpresa Brasileira de Pesquisa Agropecuária, Brasília, DF (Brasil)
245 1 _aBalanço social 2013
260 3 _aBrasília, DF (Brasil):
_c2014.
300 _a42 p.
500 _a7 ref.; 23 illus.; 8 tables
650 _aIMPACTO ECONÔMICO
650 _aIMPACTO AMBIENTAL
650 _aIMPACTO SOCIAL
650 _aPOLÍTICAS PÚBLICAS
650 _aINOVAÇÃO
650 _aDESENVOLVIMENTO SUSTENTÁVEL
909 _a202309
_bLucia
_c55
_dLucia Elande
942 _cBK
999 _c80055
_d80055